000
00263nam a2200109Ia 4500
005
20251222142016.0
008
251222s9999||||xx |||||||||||||| ||spa||
082
_a
791.438.5/C76
245
0
_a
El Centenario del Cine en el PerĂº
264
_b
CONACINE
942
_c
LIB
999
_c
10485
_d
10485